A handbook of entrepreneurship / (Record no. 127271)

MARC details
000 -LEADER
fixed length control field 00670nam a22002177a 4500
005 - DATE AND TIME OF LATEST TRANSACTION
control field 20170124110022.0
010 ## - LIBRARY OF CONGRESS CONTROL NUMBER
LC control number A-940455
020 ## - INTERNATIONAL STANDARD BOOK NUMBER
Terms of availability 00.00
035 ## - SYSTEM CONTROL NUMBER
System control number A-940455
037 ## - SOURCE OF ACQUISITION
Source of stock number/acquisition Cen Lib/Ret
040 ## - CATALOGING SOURCE
Original cataloging agency DPL
Language of cataloging EN
082 ## - DEWEY DECIMAL CLASSIFICATION NUMBER
Classification number 338.04
Item number HAN
245 ## - TITLE STATEMENT
Title A handbook of entrepreneurship /
Statement of responsibility, etc edited by B.S. Rathore [and] J.S. Saini
260 ## - PUBLICATION, DISTRIBUTION, ETC. (IMPRINT)
Place of publication, distribution, etc Panchkula
Name of publisher, distributor, etc Aapga Publications
Date of publication, distribution, etc 1997
270 ## - ADDRESS
Address SCF 267, sec-16
City Panchkula
300 ## - PHYSICAL DESCRIPTION
Extent xvi, 622p.
Dimensions 21cm(Hb)
650 ## - SUBJECT ADDED ENTRY--TOPICAL TERM
Topical term or geographic name as entry element Entrepreneurship & economic development
Geographic subdivision
Form subdivision Hanbooks
9 (RLIN) 19984
700 ## - ADDED ENTRY--PERSONAL NAME
Personal name Rathore, B.S.
9 (RLIN) 19936
700 ## - ADDED ENTRY--PERSONAL NAME
Personal name Saini, J.S.
9 (RLIN) 19971
942 ## - ADDED ENTRY ELEMENTS (KOHA)
Source of classification or shelving scheme Dewey Decimal Classification
Koha item type English Books
Classification part 338.04
Call number suffix HAN
Holdings
Withdrawn status Lost status Damaged status Not for loan Home library Current library Date acquired Source of acquisition Cost, normal purchase price Total Checkouts Total Renewals Full call number Barcode Date last seen Date checked out Copy number Cost, replacement price Price effective from Koha item type
        Central Library Central Library 29/06/2015 Cen Lib/Ret 0.00 2 1 338.04 HAN A-940455 14/12/2024 13/11/2024 1 0.00 29/06/2015 English Books

© Delhi Public Library
Hit Counter
free hit counter